Ekonomická spolupráca Juh-Juh diplomová práca

Salvato in:
Dettagli Bibliografici
Autore principale: Orosová, Daniela
Ente Autore: Fakulta medzinárodných vzťahov EU. Katedra medzinárodných ekonomických vzťahov a hospodárskej diplomacie
Altri autori: Grešš, Martin, 1978-
Natura: Libro
Lingua:slovacco
Pubblicazione: Bratislava 2021
Tags: Aggiungi Tag
Nessun Tag, puoi essere il primo ad aggiungerne!!

MARC

LEADER 00000nbm a2200000 4500
001 0275307
005 20220314132708.9
041 0 |a slo 
044 |a SK 
245 1 0 |a Ekonomická spolupráca Juh-Juh  |b diplomová práca  |c Daniela Orosová ; školiteľ: Martin Grešš 
264 1 |a Bratislava  |c 2021 
300 |a 66 s. 
100 1 |a Orosová, Daniela 
700 1 |a Grešš, Martin, 1978- 
710 2 |a Fakulta medzinárodných vzťahov EU. Katedra medzinárodných ekonomických vzťahov a hospodárskej diplomacie